000 01171nam2a2200301 4500
001 RU\NLR\BIBL_A\011314258
005 20250806210133.0
035 _a(NLR Aleph) 011314258
090 _a54719
_c54719
100 _a20250806 rusy50
101 0 _apem
102 _aRU
135 _acrgn 008anaba
200 0 _a1942, № 89 (2849) (15 апр.)
210 _d1942
325 1 _aКопия доступна в электронной библиотеке РНБ
461 0 _1001RU\NLR\BIBL_A\010535095
_12001#$aЛенин туй вылöт$v1942, № 89 (2849) (15 апр.)
852 _aNLR
_bОНЛ
_jКоми-п.г./1-19
856 0 _uhttp://vivaldi.nlr.ru/pn000181866/view
856 1 _uhttp://vivaldi.nlr.ru/pn000181866/cover
856 2 _uhttp://vivaldi.nlr.ru/pn000181866/text
901 _eГазеты
942 _cISSNP
945 _aРоссийская национальная библиотека
980 _aNB
980 _aBV
981 2 7 _a(27) Периодические издания
_b(27) Газеты